000 00683nam a2200217Ii 4500
003 JO-AjNU
008 230605s9999||||xx |||||||||||||| ||und||
017 _a1997/6/708
040 _aJO-AjNU
_bara
_erda
_cJO-AjNU
041 _aara
050 1 4 _aKMM126.A22.1997
100 3 _aكرم، عبد الواحد,
_eauthor
_946878
245 0 0 _aقانون العمل في التشريع الاردني
250 _aط1
264 3 1 _aعمان : دار الثقافة ، 1997
300 _a248ص
336 _atext
_btxt
_2rdacontent
337 _aunmediated
_bn
_2rdamedia
338 _avolume
_bnc
_2rdacarrier
650 4 _aعمل وعمال -- قوانين -- الاردن
_946879
999 _aA20425
_c23993
_d23993